000 00700nam a2200229Ia 4500
005 20220208102650.0
008 210716s2013 xx 000 0 und d
020 _a9789351191810
040 _cAIMIT LIBRARY
041 _aeng
082 _a658.4
_21
_bRAJT
100 _aRaju, T.
_917554
245 _aOrganizational behaviour /
_cBy T. Raju and R. Prabhu.
250 _a1st ed.
260 _aNew Delhi :
_bBiztantra ,
_c2013.
300 _aXxx, 421p. ;
_c23 cm.
650 _aPeronality and values
_917555
650 _aLeadership and leadership styles
_917556
650 _aCommunication and knowledge management
_917557
700 _aPrabhu, R.
_917558
942 _2ddc
_cBK
_e1st
_k658.4 RAJT
999 _c208811
_d208811